[Event "Olimpiade 2014 - Open"]
[Site "Tromsø"]
[Date "10.08.2014"]
[Round "8.68"]
[Board "2"]
[White "Kooshani, Mahbuboollah"]
[Black "Yang Ching Wei, Austin"]
[Result "0-1"]
[WhiteTitle "FM"]
[WhiteElo "2036"]
[BlackElo "1883"]
[WhiteTeam "Afghanistan"]
[BlackTeam "Chinese Taipei"]
[WhiteFideId "11700084"]
[BlackFideId "16300440"]
[EventDate "2014.08.02"]

1. e4 c5 2. Nf3 d6 3. d4 cxd4 4. Nxd4 Nf6 5. Nc3 g6 6. Bc4 Bg7 7. Bg5 O-O 8. Qd2
Nc6 9. Nxc6 bxc6 10. Bh6 Bxh6 11. Qxh6 Qb6 12. Bb3 Qxf2+ 13. Kxf2 Ng4+ 14. Kf3
Nxh6 15. h3 Kg7 16. g4 f5 17. exf5 gxf5 18. g5 Nf7 19. h4 Ne5+ 20. Kf4 Rb8 21.
Rae1 Rb4+ 22. Ke3 f4+ 23. Kf2 f3 24. Re4 Rxe4 25. Nxe4 Rf4 26. Ke3 Rf8 27. Nf2
Ng6 28. c3 Nf4 29. Bc2 d5 30. Kd4 Ng2 31. Ke5 Ne3 32. Bd3 Ng4+ 33. Nxg4 Bxg4 34.
Kd4 f2 35. Bf1 Rf4+ 36. Ke3 Rf3+ 37. Kd2 e5 38. Be2 Rf4 39. Rf1 Bh3 40. Rd1 f1=Q
41. Bxf1 Rxf1 42. Rxf1 Bxf1 43. Ke1 Bh3 44. Kf2 Bf5 45. b4 Kg6 46. a4 a6 0-1

[Event "Olimpiade 2014 - Open"]
[Site "Tromsø"]
[Date "10.08.2014"]
[Round "8.68"]
[Board "3"]
[White "Ho, Jei-Chen"]
[Black "Ahmadi, Zabiullah"]
[Result "1/2-1/2"]
[WhiteElo "1808"]
[BlackElo "2031"]
[WhiteTeam "Chinese Taipei"]
[BlackTeam "Afghanistan"]
[WhiteFideId "16300599"]
[BlackFideId "11700033"]
[EventDate "2014.08.02"]

1. d4 d5 2. c4 e6 3. Nc3 Nf6 4. cxd5 exd5 5. Bg5 Be7 6. e3 c6 7. Bd3 O-O 8. Qc2
Nbd7 9. Nf3 Re8 10. O-O Nf8 11. Rab1 a5 12. Ne5 N6d7 13. Bxe7 Qxe7 14. Nxd7 Bxd7
15. Rbe1 Qh4 16. f3 Re6 17. e4 Rae8 18. g3 Qd8 19. e5 b5 20. f4 Qb6 21. Qf2 f6
22. f5 R6e7 23. e6 Bc8 24. g4 h6 25. h4 Nh7 26. Kg2 Bb7 27. Rh1 Rf8 28. Ne2 c5
29. Nf4 Rc8 30. Ng6 Ree8 31. g5 c4 32. Bc2 fxg5 33. hxg5 Nxg5 34. f6 Rxe6 35.
Ne7+ Kf8 36. Nxc8 Bxc8 37. fxg7+ Kxg7 38. Rhf1 Rf6 39. Re7+ Kf8 40. Qxf6+ Qxf6
41. Rxf6+ Kxe7 42. Rxh6 Ne6 43. Bf5 b4 44. Bxe6 Bxe6 45. Kf3 a4 46. Ke3 Bf5 47.
Ra6 b3 48. axb3 axb3 49. Kd2 Kd7 50. Kc3 Kc7 51. Kb4 Bc2 52. Rh6 Be4 53. Kb5 Kd7
54. Kb4 Ke7 55. Rh5 Ke6 56. Re5+ Kd6 57. Rxe4 dxe4 58. Kxc4 Ke6 59. d5+ Ke5 60.
d6 Kxd6 61. Kd4 Kc6 62. Kxe4 Kc5 63. Kd3 Kb4 64. Kd4 Kb5 65. Kc3 Kc5 1/2-1/2

[Event "Olimpiade 2014 - Open"]
[Site "Tromsø"]
[Date "10.08.2014"]
[Round "8.68"]
[Board "4"]
[White "Sarwary, Hamidullah"]
[Black "Liao, Jo-Kai"]
[Result "0-1"]
[WhiteElo "1920"]
[BlackElo "1606"]
[WhiteTeam "Afghanistan"]
[BlackTeam "Chinese Taipei"]
[WhiteFideId "11700580"]
[BlackFideId "16300343"]
[EventDate "2014.08.02"]

1. Nf3 Nf6 2. d4 d5 3. Bg5 e6 4. e3 Be7 5. c4 c6 6. Nbd2 Nbd7 7. Bd3 h6 8. Bh4
O-O 9. O-O c5 10. Re1 cxd4 11. exd4 dxc4 12. Nxc4 Nb6 13. Nce5 Nfd5 14. Bxe7
Qxe7 15. Rc1 Rd8 16. Bb1 Bd7 17. Qd3 Nf6 18. Ng4 Nbd5 19. Rc5 Bc6 20. Nfe5 Rac8
21. Nxc6 Rxc6 22. Ne5 Rxc5 23. dxc5 Qxc5 24. h3 Rc8 25. a3 a6 26. Qd2 Qb6 27.
Nd3 Rc7 28. Ne5 Qd6 29. Nf3 Qd7 30. Ne5 Qc8 31. Nf3 Nb6 32. Qe3 Nc4 33. Qc3 Rc5
34. Rc1 b6 35. Qd3 b5 36. Qc2 g6 37. b3 Nd7 38. Qa2 Nxa3 39. Rxc5 Qxc5 40. Qd2
Nxb1 41. Qxd7 Qc1+ 42. Kh2 Qf4+ 43. Kg1 Qc1+ 44. Kh2 Qc5 45. Qd3 Nc3 46. Qc2
Qd6+ 47. g3 b4 48. Nd2 Kg7 49. Nc4 Qd4 50. Ne3 Ne4 51. Kg2 Nc5 52. h4 Qe4+ 53.
Qxe4 Nxe4 54. Nc4 Nc5 55. Na5 Kf6 56. f4 e5 57. Nc6 exf4 58. Nxb4 a5 59. Nd5+
Ke5 60. Nxf4 Nxb3 61. Kf3 a4 62. Nd3+ Kd4 63. Nb4 a3 64. Nc2+ Kd3 65. Nxa3 Nd4+
66. Kf4 Ke2 67. g4 Kf2 68. Nc4 Ne6+ 69. Ke4 Kg3 70. Ne5 Kxh4 71. Nxf7 Ng5+ 72.
Nxg5 Kxg5 73. Kf3 Kh4 74. Kf4 g5+ 75. Kf5 Kg3 0-1

[Event "Olimpiade 2014 - Open"]
[Site "Tromsø"]
[Date "10.08.2014"]
[Round "8.69"]
[Board "1"]
[White "Gateri, Martin"]
[Black "Al-Hajiri, Bader"]
[Result "0-1"]
[WhiteTitle "FM"]
[WhiteElo "2064"]
[BlackElo "2123"]
[WhiteTeam "Kenya"]
[BlackTeam "Kuwait"]
[WhiteFideId "10800174"]
[BlackFideId "10300163"]
[EventDate "2014.08.02"]

1. d4 d5 2. c4 Bf5 3. cxd5 Bxb1 4. Rxb1 Qxd5 5. a3 Nc6 6. Nf3 O-O-O 7. Be3 Nf6
8. g3 e5 9. dxe5 Qe4 10. Qc1 Nxe5 11. Bg2 Bc5 12. Nh4 Bxe3 13. Bxe4 Bxc1 14.
Bf5+ Kb8 15. Rxc1 g6 16. Bb1 Rhe8 17. O-O Rd2 18. Rc2 Red8 19. Rfc1 Rd1+ 20. Kg2
Rxc1 21. Rxc1 Rd2 22. Rc2 Rxc2 23. Bxc2 Nc4 24. Bb3 Nxb2 25. Bxf7 c5 26. f3 b5
27. Kf2 Kc7 28. Ke1 a5 29. Bb3 a4 30. Bf7 Nd7 31. Ng2 Ne5 32. Bg8 Nec4 33. Nf4
Kd6 34. Bxh7 b4 35. Bxg6 Nxa3 36. Kd2 Nac4+ 37. Kc2 a3 38. Kb3 Nd2+ 39. Ka2 Na4
40. Bc2 Nc3+ 41. Ka1 b3 42. Nd3 c4 0-1

[Event "Olimpiade 2014 - Open"]
[Site "Tromsø"]
[Date "10.08.2014"]
[Round "8.69"]
[Board "2"]
[White "Maqseed, Nasser"]
[Black "Magana, Ben"]
[Result "0-1"]
[WhiteTitle "CM"]
[BlackTitle "CM"]
[WhiteElo "1951"]
[BlackElo "2085"]
[WhiteTeam "Kuwait"]
[BlackTeam "Kenya"]
[WhiteFideId "10300074"]
[BlackFideId "10800166"]
[EventDate "2014.08.02"]

1. Nf3 d5 2. g3 Nf6 3. Bg2 Bf5 4. d3 e6 5. Nbd2 h6 6. O-O Be7 7. b3 O-O 8. Bb2
Nbd7 9. a3 c6 10. Qe1 Bh7 11. e4 Nc5 12. Rd1 Re8 13. e5 Nfd7 14. Qe2 Qc7 15. Ne1
f6 16. f4 fxe5 17. fxe5 Rf8 18. Nef3 Na6 19. Nd4 Bc5 20. Nf3 Rae8 21. Kh1 Rf7
22. Bh3 Nf8 23. b4 Bb6 24. Rde1 Qd7 25. c4 c5 26. Nb5 dxc4 27. Nd6 Bxd3 28. Qd2
Bxf1 29. Rxf1 Rd8 30. b5 Nc7 31. a4 Ne8 32. Nxc4 Qxd2 33. Nfxd2 Rxf1+ 34. Bxf1
Ba5 35. Ne4 Rd1 36. Nxa5 Rxf1+ 37. Kg2 Re1 38. Kf3 Rb1 39. Bc3 b6 40. Nc6 Nc7
41. Nxa7 Nd5 42. Bd2 Nd7 43. Nc6 Ra1 44. a5 bxa5 45. Nxa5 Nxe5+ 46. Ke2 c4 47.
Nc6 Nd7 48. h4 Rb1 49. Na7 Rb3 50. Kd1 c3 51. Bc1 Rb4 52. Nf2 Nc5 53. Ba3 Rd4+
54. Kc1 Na4 55. Nc6 Rd2 56. Ne4 Re2 57. Nc5 Ne3 58. Nd3 Rd2 0-1

[Event "Olimpiade 2014 - Open"]
[Site "Tromsø"]
[Date "10.08.2014"]
[Round "8.69"]
[Board "3"]
[White "Ouma, Stephen"]
[Black "Al Khateeb, Taher"]
[Result "0-1"]
[WhiteElo "2038"]
[BlackElo "1972"]
[WhiteTeam "Kenya"]
[BlackTeam "Kuwait"]
[WhiteFideId "10800824"]
[BlackFideId "10300058"]
[EventDate "2014.08.02"]

1. e4 c5 2. Nc3 e6 3. g3 d5 4. d3 Nc6 5. Bg2 Nf6 6. f4 dxe4 7. dxe4 Qxd1+ 8.
Nxd1 Be7 9. Ne3 O-O 10. Ne2 Rd8 11. Bd2 Bd7 12. g4 Nd4 13. c3 Nxe2 14. Kxe2 Bc6
15. e5 Bxg2 16. Nxg2 Nxg4 17. Rad1 Rd7 18. h3 Nh6 19. Ne3 Rad8 20. Rhg1 Nf5 21.
Nxf5 exf5 22. Be3 Rxd1 23. Rxd1 Rxd1 24. Kxd1 Kf8 25. Kc2 Ke8 26. Kb3 Kd7 27.
Kc4 Kc6 28. a4 a6 29. a5 h6 30. Bf2 g5 31. Bg3 g4 32. h4 h5 33. Bf2 Bd8 34. b4
cxb4 35. cxb4 Be7 36. Be1 f6 37. Kd4 Bd8 38. Bg3 Bc7 39. exf6 Kd6 40. f7 Ke7 41.
Kd5 Kxf7 42. Bh2 Ke7 43. Bg3 Kf6 44. Bh2 Bd8 45. Bg3 Be7 46. Kc4 Ke6 47. Be1 Kd6
48. Bf2 Kc6 49. Be1 Bd8 50. Bg3 b5+ 51. axb6 Bxb6 52. Be1 Be3 53. Bg3 Bd2 54.
Kd4 Kd6 55. Kc4 Be3 56. Kd3 Bg1 57. Kc4 Kc6 58. Kc3 Kb5 59. Kb3 Bd4 60. Be1 Be3
61. Kc3 Bxf4 62. Kd4 Kc6 63. Kc4 Be5 64. Bf2 f4 65. Ba7 f3 66. Kd3 Kd5 67. Be3
g3 68. Ba7 f2 69. Ke2 Ke4 70. Bc5 Bd4 71. Be7 g2 0-1

[Event "Olimpiade 2014 - Open"]
[Site "Tromsø"]
[Date "10.08.2014"]
[Round "8.70"]
[Board "1"]
[White "Masrhi, Abdulrahman A"]
[Black "Li, Hui"]
[Result "1-0"]
[WhiteElo "1746"]
[BlackElo "1944"]
[WhiteTeam "Saudi Arabia"]
[BlackTeam "Macau"]
[WhiteFideId "21501564"]
[BlackFideId "15400310"]
[EventDate "2014.08.02"]

1. d4 Nf6 2. Bf4 g6 3. e3 Bg7 4. Be2 O-O 5. Nf3 d6 6. O-O c5 7. c3 cxd4 8. exd4
b6 9. h3 Bb7 10. Nbd2 Nbd7 11. Re1 Re8 12. Bc4 d5 13. Bd3 a6 14. Ne5 e6 15. Qf3
Nxe5 16. Bxe5 Nd7 17. Bxg7 Kxg7 18. Qg3 Qb8 19. f4 Nf6 20. Re5 Qd6 21. Rae1 a5
22. h4 Kh8 23. Nf3 Nh5 24. Rxh5 gxh5 25. Qg5 Rg8 26. Qf6+ Rg7 27. Re5 Qd8 28.
Qh6 Ba6 29. Bc2 f6 30. Rxe6 Qg8 31. Qxf6 Rf8 32. Qe5 Rxf4 33. Ng5 Rf1+ 34. Kh2
Rf2 35. Bxh7 Qxh7 36. Re8+ Qg8 37. Rxg8+ Kxg8 38. Qe8+ Rf8 39. Qe6+ Kh8 40. Qh6+
Kg8 41. Ne6 Rff7 42. Nxg7 Rxg7 43. Qe6+ Kf8 44. Qxb6 Bd3 45. Qd8+ Kf7 46. Qxd5+
Kg6 47. Qg5+ Kh7 48. Qxh5+ Kg8 49. g4 a4 50. Qd5+ Kh7 51. g5 Bg6 52. c4 Re7 53.
Qf3 Rf7 54. Qe2 Rf4 55. d5 Rxh4+ 56. Kg3 Re4 57. Qxe4 Bxe4 58. Kf4 Bg2 59. Kf5
Kg7 60. Ke6 Bh3+ 61. Ke7 Kg6 62. d6 Kxg5 63. d7 Bxd7 64. Kxd7 Kf4 65. c5 1-0

[Event "Olimpiade 2014 - Open"]
[Site "Tromsø"]
[Date "10.08.2014"]
[Round "8.70"]
[Board "2"]
[White "Ho Hou-Meng, Herman"]
[Black "Al Habeeb, Emad"]
[Result "0-1"]
[WhiteElo "1910"]
[BlackElo "2044"]
[WhiteTeam "Macau"]
[BlackTeam "Saudi Arabia"]
[WhiteFideId "16300190"]
[BlackFideId "21500029"]
[EventDate "2014.08.02"]

1. d4 Nf6 2. c4 e6 3. Nf3 d5 4. g3 Bb4+ 5. Bd2 Be7 6. Bg2 Nc6 7. Qb3 O-O 8. O-O
Re8 9. Bc3 b6 10. Nbd2 Rb8 11. Ne5 Bb7 12. Rfd1 dxc4 13. Ndxc4 Nd5 14. Nxc6 Bxc6
15. Ne5 Ba8 16. Rac1 Bf8 17. Be1 a5 18. a3 Rc8 19. Rd2 Qg5 20. h4 Qf6 21. e3 Bd6
22. Nc6 Bxc6 23. Rxc6 Red8 24. Rc1 Qh6 25. e4 Ne7 26. Rdc2 e5 27. Bd2 Qg6 28. d5
h6 29. Be3 Kh8 30. Qd3 Rb8 31. Kh2 f5 32. exf5 Nxf5 33. Be4 Rf8 34. Rg1 Qh5 35.
Qe2 Qf7 36. Rc3 Nxe3 37. fxe3 Qf2+ 38. Rg2 Qf6 39. Rc2 Bc5 40. h5 Qg5 41. Rc3
Rbd8 42. Bf3 Qf5 43. Bg4 Qe4 44. Be6 Rf3 45. Rc4 Qxe3 46. Qxe3 Rxe3 47. Rgc2 Bd6
48. R4c3 Re1 49. Kg2 Rf8 50. Rf3 Rf6 51. Rcf2 Be7 52. Rf1 Re2+ 53. R1f2 Re4 54.
Rc3 Rxf2+ 55. Kxf2 Bc5+ 56. Kf3 Re1 57. Bf5 Kg8 58. Rc2 Re3+ 59. Kg2 Kf8 60. Be6
Re1 61. b4 axb4 62. axb4 Bd6 63. Rf2+ Ke8 64. Rf7 Rc1 65. b5 Bf8 66. Rf5 Rc5 67.
Rf7 Rc3 68. Rf5 e4 69. g4 Bd6 70. Kf1 Rg3 71. Rf7 Be5 72. Rf5 Bf6 73. Rf4 e3 74.
Ke2 Bg5 75. Re4 Rg2+ 76. Kd3 Rd2+ 77. Kc3 Ke7 78. Bg8+ Kd6 79. Re6+ Kc5 80. Rc6+
Kxb5 0-1

[Event "Olimpiade 2014 - Open"]
[Site "Tromsø"]
[Date "10.08.2014"]
[Round "8.70"]
[Board "3"]
[White "Al Mutairi, Hassan S"]
[Black "Fesalbon, Rolando"]
[Result "0-1"]
[WhiteElo "2075"]
[BlackElo "2051"]
[WhiteTeam "Saudi Arabia"]
[BlackTeam "Macau"]
[WhiteFideId "21500193"]
[BlackFideId "15400131"]
[EventDate "2014.08.02"]

1. e4 Nf6 2. Nc3 e5 3. Nf3 Nc6 4. d4 exd4 5. Nxd4 Nxd4 6. Qxd4 d6 7. Bg5 Be7 8.
O-O-O O-O 9. e5 Ne8 10. Be3 Be6 11. h3 Qc8 12. f4 f6 13. Nd5 Bd8 14. g4 c6 15.
Nc3 fxe5 16. fxe5 d5 17. Bg2 Be7 18. Rhf1 Rxf1 19. Rxf1 Qd7 20. Qd2 Nc7 21. Ne2
b6 22. Nf4 Rf8 23. Nh5 Rxf1+ 24. Bxf1 Bf7 25. Ng3 Qe6 26. Bf4 g6 27. Ne2 c5 28.
Bg3 g5 29. Qd3 Bg6 30. Qa3 a5 31. Bg2 Bf8 32. Qe3 h6 33. Bh2 Bg7 34. Bg3 Na6 35.
a3 Nb8 36. Qb3 Bf7 37. Qe3 Nc6 38. c4 d4 39. Qb3 Nxe5 40. Bd5 Qd6 41. Bxf7+ Kxf7
42. Qd1 Qe6 43. b3 Kg6 44. Bxe5 Qxe5 45. Qd3+ Kf7 46. Qf3+ Bf6 47. Ng3 Qe1+ 48.
Kc2 Qc3+ 49. Qxc3 dxc3 50. Ne4 Ke6 51. Nxf6 Kxf6 52. Kxc3 Ke5 53. b4 a4 54. b5
Ke4 55. Kd2 Ke5 0-1

[Event "Olimpiade 2014 - Open"]
[Site "Tromsø"]
[Date "10.08.2014"]
[Round "8.71"]
[Board "1"]
[White "Mooney, Graham"]
[Black "Huguet, Sergio"]
[Result "0-1"]
[BlackTitle "FM"]
[WhiteElo "1880"]
[BlackElo "2055"]
[WhiteTeam "Jersey"]
[BlackTeam "Honduras"]
[WhiteFideId "15600106"]
[BlackFideId "2212552"]
[EventDate "2014.08.02"]

1. Nf3 Nf6 2. g3 c5 3. Bg2 d5 4. O-O g6 5. c4 Bg7 6. d4 dxc4 7. Nc3 O-O 8. dxc5
Qc7 9. Bf4 Qxc5 10. Rc1 Nc6 11. Na4 Qh5 12. Rxc4 Rd8 13. Qc1 Be6 14. Rc5 Rd5 15.
Ng5 Nd4 16. Bxd5 Nxe2+ 17. Kg2 Bxd5+ 18. f3 Nxc1 19. Rfxc1 h6 20. g4 Qxg4+ 0-1

[Event "Olimpiade 2014 - Open"]
[Site "Tromsø"]
[Date "10.08.2014"]
[Round "8.71"]
[Board "2"]
[White "Gavarrete, Nahun"]
[Black "Wojciechowski, Paul"]
[Result "1-0"]
[BlackTitle "CM"]
[WhiteElo "2190"]
[BlackElo "2056"]
[WhiteTeam "Honduras"]
[BlackTeam "Jersey"]
[WhiteFideId "8400709"]
[BlackFideId "15600017"]
[EventDate "2014.08.02"]

1. e4 c5 2. Nf3 d6 3. d4 cxd4 4. Nxd4 Nf6 5. Nc3 a6 6. Bc4 e6 7. Bb3 Be7 8. O-O
b5 9. Qf3 Qc7 10. Qg3 Nc6 11. Nxc6 Qxc6 12. f4 Bb7 13. f5 Nxe4 14. Nxe4 Qxe4 15.
fxe6 fxe6 16. Re1 Qd4+ 17. Be3 Qh4 18. Qxg7 O-O-O 19. Bf2 Qg5 20. Bxe6+ Kb8 21.
Qxg5 Bxg5 22. Rad1 Bf4 23. Bd4 Be5 24. Bf5 Bxd4+ 25. Rxd4 Rhg8 26. Rd2 Rg7 27.
Be4 Re8 28. Rde2 Bxe4 29. Rxe4 Rxe4 30. Rxe4 Rf7 31. g4 Kc7 32. Kg2 Kc6 33. h4
Kd5 34. Re2 Kc5 35. g5 a5 36. Kg3 a4 37. Kg4 b4 38. a3 bxa3 39. bxa3 d5 40. h5
Kc4 41. g6 hxg6 42. hxg6 Rc7 43. Kg5 Kc3 44. Kh6 Rc6 45. Kh7 Rc4 46. Rh2 Kb2 47.
g7 Rc7 48. c4+ Kxa3 49. cxd5 1-0

[Event "Olimpiade 2014 - Open"]
[Site "Tromsø"]
[Date "10.08.2014"]
[Round "8.71"]
[Board "3"]
[White "Kahn, Tito"]
[Black "Hernandez, Juan Carlos"]
[Result "0-1"]
[WhiteElo "2000"]
[BlackElo "1964"]
[WhiteTeam "Jersey"]
[BlackTeam "Honduras"]
[WhiteFideId "15600084"]
[BlackFideId "8400318"]
[EventDate "2014.08.02"]

1. d4 Nf6 2. Bf4 e6 3. e3 d5 4. Nf3 Be7 5. h3 b6 6. Nbd2 Nbd7 7. Bb5 a6 8. Bc6
Ra7 9. Ne5 O-O 10. O-O Nxe5 11. dxe5 Ne8 12. Qg4 Bd7 13. Bxd7 Qxd7 14. Rfd1 f5
15. Qg3 Qb5 16. b3 Qe2 17. Qf3 Qxf3 18. Nxf3 c5 19. c4 Nc7 20. a4 h6 21. h4 Rb7
22. h5 Rfb8 23. Nd2 b5 24. axb5 axb5 25. Ra2 Kf8 26. Rda1 Ke8 27. Kf1 Kd7 28.
Bg3 bxc4 29. bxc4 Rb2 30. Ke1 R8b7 31. Kd1 Kc6 32. Kc1 Rxa2 33. Rxa2 Rb4 34.
cxd5+ exd5 35. Nb1 Rb7 36. Nc3 Rb6 37. Ra7 Ra6 38. Rxa6+ Nxa6 39. f4 Nc7 40. Be1
Ne6 41. Ne2 d4 42. exd4 cxd4 43. Bd2 Bh4 44. g3 Be7 45. g4 fxg4 46. f5 d3 47.
Nf4 Nxf4 48. Bxf4 Kd5 49. f6 gxf6 50. e6 Kxe6 51. Kd2 Bf8 52. Kxd3 f5 53. Kc4
Bg7 54. Kc5 Bf8+ 55. Kc6 Bg7 56. Kc5 Be5 57. Bxh6 f4 58. Bg5 Kf5 59. Bh4 g3 60.
Kd5 Bg7 61. Be7 f3 62. Bc5 f2 0-1

[Event "Olimpiade 2014 - Open"]
[Site "Tromsø"]
[Date "10.08.2014"]
[Round "8.71"]
[Board "4"]
[White "Deras Flores, Rodolfo"]
[Black "Forbes, Garry"]
[Result "1/2-1/2"]
[WhiteElo "1904"]
[BlackElo "1917"]
[WhiteTeam "Honduras"]
[BlackTeam "Jersey"]
[WhiteFideId "8400490"]
[BlackFideId "10700331"]
[EventDate "2014.08.02"]

1. c4 g6 2. e4 Bg7 3. d4 d6 4. Nc3 Nf6 5. f3 O-O 6. Be3 Nc6 7. Qd2 e5 8. d5 Nd4
9. Nge2 Nxe2 10. Bxe2 a6 11. Bh6 Nxe4 12. Nxe4 Qh4+ 13. g3 Qxh6 14. h4 Qxd2+ 15.
Nxd2 f5 16. h5 Bd7 17. O-O-O Bh6 18. f4 Bg7 19. hxg6 hxg6 20. Nf3 e4 21. Ng5 Bf6
22. Rh7 Bxg5 23. Rxd7 Bd8 24. Rh1 Rf7 25. Rh8+ Kxh8 26. Rxf7 Kg8 27. Rd7 Rc8 28.
Kd2 Bf6 29. b3 Kf8 30. g4 Re8 31. gxf5 gxf5 32. Bh5 Re7 33. Rxe7 Kxe7 34. Bg6 b6
35. Ke3 Bb2 36. Bxf5 a5 37. Kxe4 Kf6 38. Bd7 Ba3 39. Kf3 Bb2 40. Kg4 Bc1 41. Kf3
Bb2 42. Ke2 Bc1 43. f5 Bb2 44. Kd3 Bc1 45. Kc2 Ba3 46. Be6 Ke5 47. Kc3 Kf6 48.
Bc8 Ke5 49. Be6 Kf6 50. Bd7 Ke5 51. Bc8 Kf6 52. Be6 Ke5 53. b4 axb4+ 54. Kc2 Kf6
55. Kb3 Ke7 56. Ka4 Bb2 57. Kxb4 Kd8 58. Kb5 Bd4 59. Kb4 Be5 60. a4 Bd4 61. a5
bxa5+ 62. Kxa5 Be5 63. Kb5 Bd4 64. Kb4 Be5 65. Kb5 Bd4 66. Kc6 Be5 67. Bf7 Bd4
68. Bh5 Be5 1/2-1/2

[Event "Olimpiade 2014 - Open"]
[Site "Tromsø"]
[Date "10.08.2014"]
[Round "8.72"]
[Board "2"]
[White "Kouevi, Mawuvi Koue"]
[Black "Rajaonarison, Faniry"]
[Result "0-1"]
[BlackTitle "CM"]
[WhiteElo "1841"]
[BlackElo "2112"]
[WhiteTeam "Togo"]
[BlackTeam "Madagascar"]
[WhiteFideId "21200041"]
[BlackFideId "13100424"]
[EventDate "2014.08.02"]

1. d4 Nf6 2. c4 c5 3. d5 b5 4. e3 bxc4 5. Bxc4 g6 6. Nc3 Bg7 7. Nge2 O-O 8. O-O
d6 9. h3 Nbd7 10. b3 Rb8 11. e4 Nxe4 12. Bb2 Nef6 13. Qc2 Ne5 14. Bb5 Nxd5 15.
Nxd5 Rxb5 16. Nec3 Rb8 17. Rfe1 e6 18. Nf4 Qg5 19. Qe4 Bb7 20. h4 Qg4 21. Nfd5
Bxd5 22. Nxd5 exd5 23. Qxd5 Nf3+ 24. Kf1 Bxb2 25. gxf3 Qh3+ 26. Kg1 Bxa1 27.
Rxa1 Rb4 0-1

[Event "Olimpiade 2014 - Open"]
[Site "Tromsø"]
[Date "10.08.2014"]
[Round "8.72"]
[Board "3"]
[White "Rakotomaharo, Fy Antenaina"]
[Black "Fumey, Enyonam Sewa"]
[Result "1-0"]
[WhiteTitle "CM"]
[WhiteElo "2253"]
[BlackElo "1833"]
[WhiteTeam "Madagascar"]
[BlackTeam "Togo"]
[WhiteFideId "13100050"]
[BlackFideId "21200033"]
[EventDate "2014.08.02"]

1. b3 Nf6 2. Bb2 e6 3. e3 d5 4. Nf3 c5 5. Bb5+ Bd7 6. Be2 Be7 7. Ne5 Bc8 8. O-O
Nbd7 9. f4 O-O 10. Qe1 Qc7 11. d3 Bd6 12. Qg3 b5 13. Nxd7 Bxd7 14. Bxf6 g6 15.
Nd2 Rfc8 16. c4 a6 17. Nf3 Bf8 18. Ne5 Be8 19. Ng4 h5 20. Be5 Qd8 21. Nf6+ 1-0

[Event "Olimpiade 2014 - Open"]
[Site "Tromsø"]
[Date "10.08.2014"]
[Round "8.73"]
[Board "1"]
[White "Hj, Azahari Siti Nur Fatimah"]
[Black "Drayton, Anthony"]
[Result "1-0"]
[WhiteElo "1985"]
[BlackElo "1828"]
[WhiteTeam "Brunei"]
[BlackTeam "Guyana"]
[WhiteFideId "10500359"]
[BlackFideId "19700261"]
[EventDate "2014.08.02"]

1. e4 e5 2. Nf3 Nc6 3. Nc3 Nf6 4. d4 exd4 5. Nxd4 Bc5 6. Be3 O-O 7. Nxc6 bxc6 8.
Bxc5 Re8 9. Bd3 d6 10. Be3 d5 11. exd5 cxd5 12. O-O Ng4 13. Bf4 Rb8 14. Rb1 Rb4
15. Bg3 h5 16. Nxd5 h4 17. Nxb4 hxg3 18. hxg3 Qg5 19. Re1 Rd8 20. Re4 f5 21.
Rxg4 fxg4 22. Qe2 Bb7 23. Re1 Qf6 24. Qe6+ Qxe6 25. Rxe6 c5 26. Re7 Rb8 27. Bc4+
Kh7 28. Nd3 Bc8 29. Re8 1-0

[Event "Olimpiade 2014 - Open"]
[Site "Tromsø"]
[Date "10.08.2014"]
[Round "8.73"]
[Board "2"]
[White "Greenidge, Ronuel"]
[Black "Suni, Syairazi"]
[Result "1-0"]
[WhiteElo "1630"]
[BlackElo "1860"]
[WhiteTeam "Guyana"]
[BlackTeam "Brunei"]
[WhiteFideId "19700075"]
[BlackFideId "10500189"]
[EventDate "2014.08.02"]

1. c4 Nf6 2. Nc3 g6 3. Nf3 Bg7 4. g3 O-O 5. d4 c6 6. Bg2 d5 7. cxd5 cxd5 8. O-O
Re8 9. e3 Nbd7 10. Qb3 Nb6 11. a4 a5 12. Ne5 e6 13. Rd1 Nfd7 14. Nd3 Nc4 15. Nb5
Qb6 16. Qc2 Nf6 17. b3 Nd6 18. Nc7 Bd7 19. Nxa8 Rxa8 20. Ba3 Rc8 21. Qb2 Nde8
22. Rac1 Bc6 23. Rc2 Nd7 24. Rdc1 Qd8 25. b4 axb4 26. Nxb4 Nb8 27. Nxc6 bxc6 28.
Bf1 Bf8 29. Bxf8 Kxf8 30. Qb4+ Kg7 31. a5 Nc7 32. Qb7 Ne8 33. a6 Rc7 34. Qa8 Rc8
35. a7 Nd7 36. Qb7 Nd6 37. Qb4 Nb6 38. Rxc6 Ndc4 39. Rxc8 Qxc8 40. Qxb6 1-0

[Event "Olimpiade 2014 - Open"]
[Site "Tromsø"]
[Date "10.08.2014"]
[Round "8.73"]
[Board "3"]
[White "Kamis, Kamarunsalehin"]
[Black "Su, Haifeng"]
[Result "1/2-1/2"]
[WhiteElo "1977"]
[BlackElo "1724"]
[WhiteTeam "Brunei"]
[BlackTeam "Guyana"]
[WhiteFideId "10500170"]
[BlackFideId "19700202"]
[EventDate "2014.08.02"]

1. d4 c6 2. c4 d5 3. Nf3 Nf6 4. Nc3 e6 5. Bg5 Nbd7 6. e3 Be7 7. Bd3 dxc4 8. Bxc4
b6 9. O-O O-O 10. Rc1 Bb7 11. Qe2 Rc8 12. Ba6 Bxa6 13. Qxa6 Ra8 14. Na4 Qc8 15.
Qe2 Qb7 16. Rc2 Rac8 17. Rfc1 h6 18. Bh4 Nd5 19. Bxe7 Nxe7 20. b4 Rfd8 21. a3
Nf5 22. h3 Nd6 23. Nb2 Ne4 24. Ne1 Nd6 25. Ned3 Kf8 26. Qf3 Rc7 27. Rxc6 Rdc8
28. Rxc7 Rxc7 29. Qxb7 Rxc1+ 30. Nxc1 Nxb7 31. Kf1 Nd6 32. Ke2 b5 33. a4 bxa4
34. Nxa4 Ke7 35. Kd3 f6 36. e4 Nb8 37. Nc5 Nc6 38. Na6 Nb5 39. Nb3 Kd6 40. f4 g6
41. g3 f5 42. exf5 exf5 43. Kc4 Na3+ 44. Kd3 Nb5 45. Kc4 Na3+ 46. Kd3 Nb5 47.
Na5 Nbxd4 48. Nb7+ Ke6 49. Nd8+ Nxd8 50. Kxd4 Kd6 51. b5 Ne6+ 52. Ke3 Nc7 53.
Nxc7 Kxc7 54. Kd4 Kb6 55. Kc4 Kb7 56. Kc5 1/2-1/2

[Event "Olimpiade 2014 - Open"]
[Site "Tromsø"]
[Date "10.08.2014"]
[Round "8.73"]
[Board "4"]
[White "Varona-Thomas, Maria"]
[Black "Hj, Azahari Md Aliuddin"]
[Result "0-1"]
[WhiteElo "1777"]
[BlackElo "2030"]
[WhiteTeam "Guyana"]
[BlackTeam "Brunei"]
[WhiteFideId "19700288"]
[BlackFideId "10500324"]
[EventDate "2014.08.02"]

1. e4 e5 2. f4 exf4 3. Nf3 Ne7 4. Bc4 d5 5. exd5 Nxd5 6. O-O Be7 7. Bb3 O-O 8.
c4 Nf6 9. d4 c5 10. d5 Bd6 11. Nc3 Bg4 12. Bc2 Nbd7 13. Qe1 Bxf3 14. Rxf3 Ne5
15. Rh3 Ng6 16. Bxg6 fxg6 17. Qh4 Nh5 18. Qg4 Qf6 19. Rd3 Rae8 20. Bd2 a6 21.
Rf1 Qf5 22. Qxf5 gxf5 23. Rh3 g6 24. Bc1 Rf7 25. Bd2 Rfe7 26. Rxh5 gxh5 27. Bxf4
Bxf4 28. Rxf4 Re1+ 29. Kf2 Rc1 30. Na4 Re4 31. Rxe4 fxe4 32. Nxc5 Rxc4 33. Nxb7
Rb4 34. Nc5 Rxb2+ 35. Ke3 Kf7 36. Nxa6 Rxa2 37. Nc5 Ke7 38. Kxe4 Rxg2 39. Ke5
Re2+ 40. Kf4 Rxh2 41. Kg3 Rd2 42. d6+ Ke8 43. Ne4 Rd4 44. Nf6+ Kf7 45. Nxh5 Rxd6
46. Kg4 Ra6 47. Kg5 Rg6+ 48. Kf5 h6 49. Nf4 Rg5+ 50. Ke4 h5 51. Nh3 Rg3 52. Nf2
Ke6 53. Kf4 Rg2 54. Kf3 Rg7 55. Nh3 Kf5 56. Nf4 h4 57. Ne2 h3 58. Ng3+ Ke5 59.
Kf2 h2 60. Nh1 Rg1 0-1